[Event "Elenite"]
[Site "Elenite"]
[Date "1995.??.??"]
[Round "6"]
[White "Short, Nigel D"]
[Black "Dolmatov, Sergey"]
[Result "0-1"]
[WhiteElo "2645"]
[BlackElo "2615"]
[Annotator "Dolmatov,S"]
[PlyCount "110"]
[EventDate "1995.09.??"]
[EventType "tourn"]
[EventRounds "9"]
[EventCountry "BUL"]
[EventCategory "15"]
[SourceTitle "CBM 050"]
[Source "ChessBase"]
[SourceDate "1996.02.01"]
[SourceVersion "1"]
[SourceVersionDate "1996.02.01"]
[SourceQuality "1"]

1. e4 e6 2. d4 d5 3. Nc3 Bb4 4. e5 c5 5. a3 Bxc3+ 6. bxc3 Ne7 7. Nf3 Qa5 8. Bd2
Nbc6 9. Qb1 $6 Qc7 (9... O-O $5 10. Be2 f6 11. exf6 Rxf6 12. O-O h6) 10. Be2
Bd7 11. O-O f6 12. exf6 $2 (12. Bf4 $5 Ng6 (12... O-O-O $5 13. exf6 Qxf4 14.
fxe7 Rde8 15. dxc5 e5 $132) 13. Bg3 f5 (13... fxe5 14. Bb5 O-O 15. Bxc6 Bxc6
16. Nxe5 Nxe5 17. Bxe5 $14) 14. h4 c4 (14... f4 $6 15. Bh2 O-O 16. h5 Nge7 17.
Qc1 Nf5 18. Bxf4 cxd4 19. g4 $1 $16) 15. h5 Nge7 16. Bf4 O-O-O 17. a4 h6 18.
Nh4 Be8 19. g3 Kb8 $14) 12... gxf6 13. dxc5 {/\Nf3-d4-b5} e5 14. Qb2 O-O-O (
14... Na5 $5 15. Rab1 (15. Qb4 $6 O-O-O $5 (15... Nec6 $6 16. Qh4 $40) 16. c4 (
16. Qh4 Rdf8 $15) 16... Nec6 17. Qc3 (17. cxd5 $6 Nxb4 18. axb4 Nc6 19. d6 Qb8
$17) 17... Nxc4 18. Bxc4 dxc4 19. Qxc4 Rhg8 $40) 15... Nec6 $5 (15... O-O-O $2
16. c4 Nxc4 17. Bxc4 dxc4 18. Ba5 $16) 16. c4 dxc4 17. Qc3 Be6 18. Rb5 b6 $13)
15. Rfb1 $6 (15. Rab1 $5) 15... Be6 (15... Na5 $6 16. c4 Nxc4 17. Bxc4 dxc4 18.
Ba5 $16) 16. a4 Na5 $8 17. c4 Nec6 (17... Nxc4 $2 18. Bxc4 dxc4 19. Ba5 $16)
18. cxd5 Bxd5 19. Qc3 {/\Rb5} Qd7 $1 {/\20...Bf3 21.Bf3 Qd2 -+} 20. Be1 Rhg8
21. g3 (21. Rb5 $2 Rxg2+ 22. Kxg2 Qg4+ 23. Kh1 Rg8 $19) 21... Bxf3 $6 (21...
Qe6 $5 $17 22. Rb5 (22. Bf1 Nd4 $1 23. Nxd4 (23. Nd2 Nac6 $17) 23... exd4 24.
Qxa5 (24. Qd3 Nc6 $17) 24... Qe4 25. f3 Qxf3 $40 (25... Qe3+ $6 26. Bf2 Qxf3
27. Bh3+ Kb8 28. Kf1 Rde8 $13)) 22... Nd4 $1 23. Nxd4 exd4 24. Qxa5 (24. Qd3
Nc6 $5 $40 (24... Bc4 $6 25. Bxa5 Bxd3 26. Bxd3 $132)) 24... Qxe2 25. Qxa7 Qf3
26. Qa8+ Kd7 $19) (21... Rg4) 22. Bxf3 Nd4 23. Bd1 Nac6 24. a5 a6 25. Qe3 {/\c3
} Qf5 $8 26. f3 (26. c3 Nc2 $40) 26... h5 27. Bf2 (27. Qe4 Qg5 28. Bf2 f5 $40)
27... Qh7 $2 (27... Ne6 $1 {/\28...Nf4 29.Kh1 Qh3-+} 28. Be2 (28. Qe4 Qh3 29.
Be2 f5 30. Qe3 (30. Qc4 Ned4 31. Bxd4 Nxd4 32. c6 Rxg3+ 33. hxg3 Qxg3+ $10)
30... f4 31. Qb3 Rg7 32. Bf1 Qf5 33. Bd3 Qh3 $10) 28... Ned4 (28... Ncd4 $6 29.
c6 $40) 29. Bd1 Ne6 $10) (27... Nxc2 $2 28. Qb3 N2b4 29. Ra4) 28. Rb2 Ne6 29.
Be2 Nf4 30. Bc4 h4 $8 (30... Rg7 31. Kh1 Nd5 (31... Nh3 32. Be6+) 32. Qd3 $16)
31. Bxg8 Rxg8 32. g4 $16 f5 33. Rab1 fxg4 (33... Rg7 34. Kh1 $16) 34. Rxb7 Qg6
(34... gxf3+ 35. Kh1 (35. Kf1 Qxc2 $40) 35... Qg6 (35... Qxc2 $2 36. Qxf3 $18)
36. Qxf3 (36. Rg1 $2 Qg2+ $3 (36... Ng2 $2 37. Qb3 $16 (37. Qxf3 $6 Kxb7 38.
Rxg2 Qxg2+ 39. Qxg2 Rxg2 40. Kxg2 Nxa5 41. Bxh4 Nc4 $10)) 37. Rxg2 fxg2+ 38.
Kg1 Nd4 39. Rb8+ (39. h3 Nde2+ (39... Kxb7 $5) 40. Kh2 g1=Q+ 41. Bxg1 Rg2+ 42.
Kh1 Kxb7) 39... Kxb8 40. Qxe5+ Kc8 $19) 36... e4 37. Rc7+ $3 Kxc7 38. Qxf4+ Kc8
39. Rg1 $16) 35. Qb3 $1 (35. Kh1 g3) 35... gxf3+ 36. Kf1 (36. Bg3 Ne2+ 37. Kf1
hxg3 38. Rb8+ Nxb8 39. Qxb8+ Kd7 $13) 36... Qg2+ 37. Ke1 Qh1+ 38. Kd2 Rd8+ 39.
Kc3 (39. Ke3 $2 Nd5+ 40. Ke4 Qxb1 $1 41. Qxb1 Nc3+ 42. Kxf3 Nxb1 43. Rxb1 $10)
39... Nd5+ (39... Ne2+ 40. Kb2 Rd1 41. Rxd1 Qxd1 42. Rg7 Qc1+ 43. Ka2 Nb4+ 44.
Qxb4 Qxc2+ 45. Ka3 Qc1+ 46. Qb2 $18) 40. Kb2 (40. Qxd5 $2 Rxd5 41. Rxh1 Kxb7
$15) 40... Qxh2 41. Ka1 $2 {/\Rb8} (41. Rb6 $2 Nxa5) (41. Ka3 $1 e4 (41... Qxf2
42. Rb8+ Kd7 43. Rxd8+ $18) 42. Qa4 Nde7 43. Qxe4 $18) 41... e4 $1 42. Bd4 (42.
Re7 $2 Nxa5) 42... Qf4 $3 $8 (42... Nxa5 $2 43. Rb8+ Kc7 44. Qb2 $1 $18) 43.
Ra7 (43. Rg7 Nxa5) (43. Qa4 Nxd4 44. Qxd4 e3) 43... Qb8 $1 44. Qxb8+ (44. Rb7
Qf4 $10) 44... Nxb8 45. Ra8 (45. Be5 $2 Nc6 46. Ra8+ Kd7 $17) 45... Kc7 46.
Be5+ Kc6 47. Bxb8 (47. Raxb8 Rxb8 48. Rxb8 (48. Bxb8 f2) 48... f2 49. Rb1 (49.
Rf8 e3 50. Bd4 h3 51. Bxe3 h2 $19) 49... e3 (49... Kxc5 $5) 50. Bd4 h3 51. c4
Nc3 52. Rh1 Ne2 53. Bxe3 Ng3 $19) 47... Nc7 (47... Nb4) (47... Nc3) 48. Rb6+ (
48. Ra7 Rxb8 49. Rxb8 f2 50. Rb6+ $1 Kd5 (50... Kd7 51. Rd6+ Ke8 (51... Kc8 $2
52. Rf6 e3 53. c6 $18) 52. Rf6 e3 53. Rxc7 e2 54. Rxa6 e1=Q+ 55. Ka2 Qe4) 51.
Rb1 Kc6 (51... e3 $2 52. Rxc7 e2 53. Rd7+ Kxc5 54. Rdd1 $18) 52. Rab7 (52. Rb6+
$10) 52... e3 53. R7b6+ Kxc5 54. Rf6 Nd5 $13) 48... Kd5 49. Bxc7 Rxa8 50. Rd6+
Kc4 51. Re6 Rf8 (51... Kd4 $2 52. c6 f2 53. Bb6+ Kd5 54. Rf6 $18) 52. Rxe4+ Kc3
(52... Kd5 $2 53. Re1 f2 54. Rf1 $18) 53. Kb1 $4 (53. Be5+ Kxc2 54. Bd4 f2 55.
Bxf2 Rxf2 56. Rxh4 Kb3 $10) (53. Re1 $2 f2 54. Rf1 Kd2 $19) 53... f2 54. Be5+
Kd2 55. Rf4 Rxf4 0-1

[Event "FIDE-Wch k.o."]
[Site "Las Vegas"]
[Date "1999.08.04"]
[Round "2.2"]
[White "Dolmatov, Sergey"]
[Black "Kortschnoj, Viktor Lvovich"]
[Result "1-0"]
[WhiteElo "2600"]
[BlackElo "2676"]
[Annotator "Wedberg,T"]
[PlyCount "75"]
[EventDate "1999.07.31"]
[EventType "k.o."]
[EventRounds "7"]
[EventCountry "USA"]
[SourceTitle "CBM 072"]
[Source "ChessBase"]
[SourceDate "1999.10.01"]
[SourceVersion "1"]
[SourceVersionDate "1999.10.01"]
[SourceQuality "1"]

1. e4 {King} e5 2. Nf3 Nc6 3. Bb5 Nf6 4. d3 d6 5. c3 Bd7 6. Ba4 {A funny move.
White usually waits for a6 before moving the B. One reason could be that White
wants to avoid the exchange of B:s after Na5. Still after the more common} (6.
O-O {noone has tried} Na5) 6... Be7 (6... g6 7. O-O (7. Nbd2 Bg7 8. Nf1 O-O 9.
Ng3 Qe8 10. Bc2 Kh8 11. Bd2 Ng8 12. h4 h5 13. Qe2 Bg4 14. Nf1 Bh6 15. N1h2
Bxd2+ 16. Qxd2 Bd7 17. O-O-O $13 {1/2-1/2 Magem Badals,J-Collas,D/Corsica 1997/
EXT 99 (45)}) 7... Bg7 8. Re1 O-O 9. h3 h6 10. d4 Qe8 11. Bb3 Nh5 12. Na3 Kh7
13. Be3 f5 14. exf5 gxf5 15. dxe5 dxe5 16. Bc5 $14 {1-0 Spangenberg,H-Valerga,
D/Pena City 1996/CBM 55 ext (41)}) 7. O-O O-O 8. h3 Rb8 (8... h6 $5 {/\Nh7, f5}
) 9. Re1 b5 10. Bc2 b4 {Black softens White on c3, this is important in some
situations, but the cost in moves is quite high.} 11. Nbd2 bxc3 12. bxc3 d5 13.
Bb3 $1 (13. exd5 Nxd5 $132 {[%csl Rc3]}) 13... dxe4 (13... Be6 14. Ba4 $14 {
[%csl Re5]}) 14. dxe4 Bc5 15. Nc4 Qe7 16. Bg5 $14 Be6 (16... Rfd8) (16... Rfd8
{King and only then ...h6. Black looks fine.}) 17. Qe2 h6 18. Bxf6 gxf6 (18...
Qxf6 19. Ba4 Ne7 20. Ncxe5 $16) 19. Nh4 $16 Kh7 20. Qf3 Rg8 21. Nf5 Qf8 {
Compare this position with the game Milos - Salov, same tournament.} 22. Rad1
Ne7 23. Nce3 $1 Nxf5 24. Nxf5 Bxb3 25. axb3 Rxb3 26. Rd7 {'+/-' King.} Rb2 27.
Re2 Rxe2 28. Qxe2 $18 {Blackґs extra P is of little importance. Whiteґs N and
R secures a winning advantage.} Bd6 29. Qe3 Rg5 30. Nxd6 cxd6 31. Qxa7 Kg6 32.
g3 f5 33. h4 Rh5 34. Qb7 Kg7 35. Qc7 $1 Qe8 (35... fxe4 36. Rd8 $18) 36. Re7
Qg8 37. Qxd6 fxe4 38. Rxe5 1-0

[Event "RUS-chT 11th"]
[Site "Sochi"]
[Date "2004.04.20"]
[Round "1.1"]
[White "Bologan, Viktor"]
[Black "Dolmatov, Sergey"]
[Result "0-1"]
[WhiteElo "2665"]
[BlackElo "2573"]
[Annotator "Psakhis,L"]
[PlyCount "116"]
[EventDate "2004.04.20"]
[EventType "team-tourn"]
[EventRounds "9"]
[EventCountry "RUS"]
[SourceTitle "EXT 2020"]
[Source "ChessBase"]
[SourceDate "2019.10.17"]
[SourceVersion "1"]
[SourceVersionDate "2019.10.17"]
[SourceQuality "1"]
[WhiteTeam "Norilsk Norilsky Nikel"]
[BlackTeam "Samara Termosteps"]
[WhiteTeamCountry "RUS"]
[BlackTeamCountry "RUS"]

1. e4 e6 2. d4 d5 3. Nc3 Bb4 4. e5 Ne7 5. a3 Bxc3+ 6. bxc3 c5 7. Qg4 O-O 8. Bd3
Nbc6 9. Bg5 $5 (9. Qh5 Ng6 10. Nf3 Qc7 (10... Nce7 $5)) 9... Qa5 10. Ne2 Ng6 (
10... cxd4 11. f4 $1 {[%csl Ge5]} dxc3 12. O-O Ng6 13. Qh5 Qc5+ 14. Kh1 Nce7
15. Rf3 f5 16. exf6 gxf6 17. Rh3 Rf7 18. Bxf6 Rxf6 19. Qxh7+ Kf8 20. Rg3 Qf2
$132 {1-0 Shaposhnikov,E-Riazantsev,A/Moscow Geller mem 2000 (41)}) 11. O-O c4
(11... Qa4 12. f4 (12. Qg3 c4 13. Bxg6 fxg6 14. Rfc1 Bd7 15. h4 Rf7 16. f3 Raf8
17. Kf2 b6 18. Ke1 Qa5 19. Kd2 Rf5 20. Rh1 Be8 21. Qh3 h6 22. Be3 Bd7 $11 {
Bologan,V-Kosyrev,V/Moscow Aeroflot-A 2004/1-0 (60)}) 12... c4 13. Bxg6 fxg6
14. Ra2 Bd7 15. h4 Rf5 16. h5 gxh5 17. Qxh5 h6 18. g4 Rf7 19. Bxh6 gxh6 20. f5
Rg7 21. f6 Be8 22. Qxh6 Rh7 23. Qg5+ Kh8 $132 {0-1 Szieberth,A-Galyas,M/
Magyarorszag 2002 (66)}) 12. Bxg6 fxg6 13. f3 $146 (13. f4 Bd7 14. h4 Rf7 15.
h5 gxh5 16. Qxh5 Raf8 17. g4 Be8 18. Qh3 h6 19. Kg2 hxg5 20. Rh1 Rxf4 21. Qh7+
Kf7 22. Nxf4 gxf4 23. Raf1 Ke7 $17 {Michalczak-Hintze/Endrunde playchess.com
2003/0-1 (37)}) (13. h4 Qc7 14. f3 Qf7 15. Kf2 Qf5 16. Qxf5 gxf5 17. h5 h6 18.
Be3 Bd7 19. Nf4 Rf7 20. Ke2 b6 21. Bf2 Rb8 22. Kd2 Rb7 23. Rh1 Rb8 24. Ke3 b5
25. Rhb1 {1/2-1/2 Renet,O-Dolmatov,S/Cannes op A 1994 (25)}) 13... Qc7 14. Qh3
b5 {[%cal Ga7a5,Gb5b4] Having no desire for passive defence, Black tries to
break open the files on the queenside} 15. g4 (15. a4 $5 bxa4 $140 16. Bc1)
15... a5 16. f4 {The space advantage gives White a slight edge, nevertheless
Black's position is fairly solid.} Qf7 (16... Rb8 $5) 17. Qg2 Bd7 {The closed
position gives Black an opportunity to neutralize White's activity and to
obtain a competent play.} 18. Bh4 b4 $132 19. f5 $5 exf5 (19... gxf5 20. gxf5
exf5 21. Nf4 Be6 22. axb4 axb4 23. Bf6 $44) 20. Nf4 bxc3 (20... Be6 21. gxf5
gxf5 22. axb4 axb4 23. Bf6 $1) 21. Rad1 $6 ({Being fully aware of what is
going to happen, I would recommend the following to White:} 21. Nxd5 $142 $5
Be6 $140 $6 22. Nxc3 Nxd4 23. Rad1 {[%csl Rd4]}) 21... Be6 22. g5 {[%csl Gf4]
As know how badly this move turned out for White in this game,} ({I dare
suggesting} 22. gxf5 gxf5 23. Bf6 Rfe8 $1 {but, of course, that would have
been another game!}) 22... Rfd8 23. Be1 Qe7 24. Rf3 (24. Bxc3 $5) 24... Nb8 {
[%cal Gb8d7,Gd7b6]} 25. Rxc3 Nd7 $5 26. Nxd5 Bxd5 27. Qxd5+ Kh8 {[%cal Ge7g5,
Gc7b6]} 28. Qg2 Nb6 {[%csl Gd5][%cal Gb6d5] Dolmatov managed to find a clue to
the position - he will get clear advantage after black knight will come to the
key square d5.} 29. Bf2 (29. Rh3 Qe6 30. Qg3 Nd5 31. Qh4 Qg8 {[%csl Gd5]} (
31... Kg8 $5 32. Qxh7+ Kf7)) 29... Qe6 30. Rb1 Rac8 $36 {[%csl Gb6,Rf2]} 31.
Qf1 Qc6 32. Re3 (32. Rh3 $5) 32... Nd5 {[%csl Gd5] A glorious finish of the
knight march!} (32... Rxd4 $2 33. Rg3 $1 {[%cal Gf2b6]}) 33. Ree1 Kg8 34. Qg2
Rc7 35. Qf3 h6 $5 (35... c3 $5 {[%cal Ga5a4]}) 36. Bh4 (36. gxh6 gxh6 37. Qh3
Kh7 $36) {After this move White should have stuck to a passive defense} 36...
h5 $1 37. Bf2 Re7 38. Rb2 c3 39. Rbb1 a4 40. Bg3 Qc4 41. Red1 Kf7 {[%cal Gf7e6]
} (41... Qa2 $5 {[%csl Ra3,Rc2]}) 42. Qd3 Qxd3 43. Rxd3 Ke6 $17 {[%cal Gd8d7,
Gd7b7] The arisen endgame is not safe for White.} 44. Kg2 $2 {Serious mistake
in already quite difficult position.} h4 $1 $19 {The final blow, and no matter
how long the rest seems, the game was decided here.} 45. Bf2 (45. Rb5 hxg3 46.
Kxg3 $19) 45... Nf4+ 46. Kf3 Nxd3 47. cxd3 Rc7 48. Rb6+ Ke7 49. Rxg6 (49. Rb1
c2 50. Rc1 Ke6) 49... Kf7 50. Ra6 c2 51. g6+ Ke8 52. Be3 c1=Q 53. Bxc1 Rxc1 54.
Rxa4 Rg1 55. Ke3 (55. Ra6 Rxd4) 55... Rxg6 56. Ra5 f4+ (56... Rg2 $5) 57. Kxf4
Rxd4+ 58. Kf5 Rc6 0-1